The heart of praise : (Record no. 3987)

MARC details
000 -LEADER
fixed length control field 00864cam a2200253 a 4500
001 - CONTROL NUMBER
control field 2977619
003 - CONTROL NUMBER IDENTIFIER
control field GBCCL
005 - DATE AND TIME OF LATEST TRANSACTION
control field 20241126110508.0
008 - FIXED-LENGTH DATA ELEMENTS--GENERAL INFORMATION
fixed length control field 920727s1992 cau 000 0 eng
010 ## -
-- 92023577
020 ## - INTERNATIONAL STANDARD BOOK NUMBER
International Standard Book Number 0830715320
040 ## - CATALOGING SOURCE
Original cataloging agency DLC
Transcribing agency DLC
Modifying agency DLC
050 00 -
-- BS1430.4
-- .H395 1992
082 00 - DEWEY DECIMAL CLASSIFICATION NUMBER
Classification number 242.2
Edition information 20
Item number HAY
100 1# - MAIN ENTRY--PERSONAL NAME
Personal name Hayford, Jack W.
9 (RLIN) 4419
245 14 - TITLE STATEMENT
Title The heart of praise :
Remainder of title daily ways to worship the Father with Psalms /
Statement of responsibility, etc. Jack Hayford.
260 ## - PUBLICATION, DISTRIBUTION, ETC.
Place of publication, distribution, etc. Ventura, Calif., U.S.A. :
Name of publisher, distributor, etc. Regal Books,
Date of publication, distribution, etc. c1992.
300 ## - PHYSICAL DESCRIPTION
Extent 255 p. ;
Dimensions 19 cm.
630 00 - SUBJECT ADDED ENTRY--UNIFORM TITLE
Uniform title Bible.
Name of part/section of a work Psalms
General subdivision Meditations.
9 (RLIN) 7717
650 #0 - SUBJECT ADDED ENTRY--TOPICAL TERM
Topical term or geographic name entry element Devotional calendars.
9 (RLIN) 1878
906 ## - LOCAL DATA ELEMENT F, LDF (RLIN)
a 7
b cbc
c orignew
d 1
e ocip
f 19
g y-gencatlg
942 ## - ADDED ENTRY ELEMENTS (KOHA)
Source of classification or shelving scheme Dewey Decimal Classification
Koha item type Books
Koha issues (borrowed), all copies 3
Holdings
Withdrawn status Lost status Source of classification or shelving scheme Damaged status Not for loan Home library Current Library Shelving location Date acquired Total checkouts Full call number Barcode Date last seen Date last checked out Copy number Price effective from Koha item type
    Dewey Decimal Classification     GRACE BIBLE COLLEGE GRACE BIBLE COLLEGE Ministry & Mission 2017-12-19 3 242.2 HAY 008726 2025-05-01 2020-10-21 c.1 2017-12-19 Books
© Grace Bible College Library 2025